000 00589cam a2200169 a 4500
020 _a0849301319 (acidfree paper)
040 _cDLC
082 0 0 _a526 CRC 1994 A023 Co.
245 0 0 _aPractical handbook of digital mapping :
_bterms and concepts /
260 _aBoca Raton :
_bCRC Press,
_cc1994.
300 _a335 p., [8] p. of plates :
_bill. (some col.), maps (some col.) ;
_c25 cm.
650 0 _aDigital mapping.
650 0 _aGeographic information systems.
700 1 _aArlinghaus, Sandra L.
856 4 2 _uhttp://www.loc.gov/catdir/enhancements/fy0744/93023662-d.html
942 _cEK
999 _c16337
_d16337